000
00262nam a22001217a 4500
008
170905b xxu||||| |||| 00| 0 eng d
041
_a
eng
080
_a
070
100
_a
40
101
_a
MED
245
_a
TIME ANNUAL 1996
_c
JAMIESON.E.J
942
_2
udc
_c
BK
999
_c
26211
_d
26211